| 000 | 00483nam a2200181Ia 4500 | ||
|---|---|---|---|
| 001 | 22596 | ||
| 005 | 20260414150841.0 | ||
| 008 | 260414t2014||||xx |||||||||||||| ||spa|| | ||
| 041 | _aESP | ||
| 082 |
_a621.38212 _bC76 V. 1 |
||
| 100 |
_aComer, Douglas E. _eAUT |
||
| 245 | 0 |
_aInternetworking with TCP/IP : _bprinciples, protocolos, and architecture |
|
| 260 | _c2014 | ||
| 300 |
_axxviii, 698 páginas : _c24 cm. |
||
| 650 | _aTCA | ||
| 654 | _aCET | ||
| 942 |
_cLIB _dJUS _fJUS _2ddc _n |
||
| 999 |
_c22596 _d22596 |
||